[Event "Open"]
[Site "Condom FRA"]
[Date "2005.07.13"]
[Round "6"]
[White "Simonenko,S"]
[Black "Fedorchuk,S"]
[Result "0-1"]
[WhiteElo "2431"]
[BlackElo "2571"]

1.d4 Nf6 2.c4 e6 3.Nf3 b6 4.a3 Ba6 5.Qc2 c5 6.e4 cxd4 7.e5 Ng8 8.Nxd4 Bb7
9.Nc3 Nc6 10.Nf3 Nge7 11.Bf4 Ng6 12.Bg3 Qb8 13.O-O-O Ncxe5 14.Nxe5 Nxe5 15.Qd2 Bc6
16.f4 Ng4 17.f5 Qb7 18.Be2 Nf6 19.Bf3 Be7 20.Rhf1 Rc8 21.Be2 Bxg2 22.Rg1 Ne4
23.Nxe4 Bxe4 24.fxe6 dxe6 25.Be5 Rd8 26.Qf4 g5 27.Rxg5 Bxg5 28.Qxg5 Rxd1+
29.Bxd1 Rf8 30.Bd6 f6 31.Qh6 Rf7 32.Bh5 Bg6 33.Bxg6 Qh1+ 34.Kc2 Qg2+ 35.Kc3 Qxg6
36.Qe3 e5 37.c5 bxc5 38.Qxc5 Qg4 39.Qc6+ Rd7 40.Qa8+ Rd8  0-1

[Event "16th Open"]
[Site "Ljubljana SLO"]
[Date "2005.07.13"]
[Round "7"]
[White "Ushenina,A"]
[Black "Jakovljevic,Vlado"]
[Result "1/2-1/2"]
[WhiteElo "2389"]
[BlackElo "2402"]

1.d4 Nf6 2.c4 e6 3.Nf3 b6 4.a3 Ba6 5.Qc2 Bb7 6.Nc3 c5 7.e4 cxd4 8.Nxd4 Bc5
9.Nb3 Nc6 10.Be2 Nd4 11.Nxd4 Bxd4 12.Bf4 e5 13.Bg5 O-O  1/2-1/2

[Event "27th Open"]
[Site "Oberwart AUT"]
[Date "2005.07.14"]
[Round "6"]
[White "Korotkjevich,S"]
[Black "Arwanitakis,M"]
[Result "1/2-1/2"]
[WhiteElo "2349"]
[BlackElo "2276"]

1.d4 Nf6 2.Nf3 b6 3.c4 e6 4.a3 Ba6 5.e3 d5 6.Ne5 dxc4 7.Nc3 c5 8.Qa4+ Nfd7
9.Bxc4 Bxc4 10.Qxc4 Bd6 11.Nf3 O-O 12.O-O a6 13.Ne4 Be7 14.dxc5 Nxc5 15.Nxc5 Bxc5
16.b4 Be7 17.Bb2 Ra7 18.Rac1 b5 19.Qe4 Rd7 20.Bd4 Rd5 21.Ne5 a5 22.Nd3 axb4
23.axb4 Na6 24.Nf4 Rd6 25.Bc5 Nxc5 26.bxc5 Rd2 27.Qb7 Qd7 28.Qb6 Bd8 29.Qa6 Bc7
30.c6 Qd6 31.Qxb5  1/2-1/2

[Event "Open"]
[Site "Condom FRA"]
[Date "2005.07.15"]
[Round "8"]
[White "Simonenko,S"]
[Black "Vinsot,R"]
[Result "1/2-1/2"]
[WhiteElo "2431"]
[BlackElo "2077"]

1.d4 Nf6 2.Nf3 e6 3.c4 b6 4.a3 Ba6 5.Qc2 Bb7 6.Nbd2 c5 7.e4 cxd4 8.e5 Ng8
9.Nxd4 Nc6 10.Nxc6 Bxc6 11.Ne4 Qc7 12.Bf4 f5 13.Nd6+ Bxd6 14.exd6 Qb7 15.f3 Rc8
16.Qc3 Nf6 17.Be2 O-O 18.O-O b5 19.b3 Rb8 20.Be5 bxc4 21.bxc4 Qb3 22.Qd4 Qb6
23.Bd3 Qxd4+ 24.Bxd4 a5 25.Rfb1 Kf7 26.Rxb8 Rxb8 27.Rb1 Rxb1+ 28.Bxb1 g5
29.Bc2 a4 30.Kf2 h5 31.Be5 Ng8 32.Ke3 Nh6 33.g3 Kg6 34.Kd4 g4 35.f4 Nf7 36.c5 Nxe5
37.Kxe5 Kf7 38.Bd3 Kg6 39.Bf1 Kg7 40.Bd3 Kg6 41.Bb1 Bb5 42.Ba2 Kf7 43.Kd4 Kf6
44.Bc4 Bc6 45.Bf1 Kg6 46.Bd3 Kf6 47.Bc2 Kf7 48.Kc4 Kf6 49.Kb4 e5 50.fxe5+ Kxe5
51.Bxa4 Bxa4 52.Kxa4 Kd5 53.Kb5 h4 54.Kb6 f4 55.c6 hxg3 56.hxg3 fxg3 57.cxd7 g2
58.d8=Q g1=Q+ 59.Kb7 Qc5 60.d7 Qc6+ 61.Ka7 Kd6 62.Qf8+ Kxd7 63.Qg7+ Kd8 64.Qxg4 Qc5+  1/2-1/2

[Event "inAUTOmarket Open"]
[Site "Minsk BLR"]
[Date "2005.07.16"]
[Round "7"]
[White "Tihonov,J"]
[Black "Lushenkov,M"]
[Result "1/2-1/2"]
[WhiteElo "2503"]
[BlackElo "2362"]

1.d4 Nf6 2.c4 e6 3.Nf3 b6 4.a3 Ba6 5.Qc2 Bb7 6.Nc3 c5 7.e4 cxd4 8.Nxd4 d6
9.Be2 a6 10.Be3 Be7 11.f4 Nc6 12.Nb3 Rc8 13.O-O Nd7 14.Rad1 Qc7 15.f5 O-O
16.fxe6 fxe6 17.Bg4 Nd8 18.Rxf8+ Nxf8 19.Qf2 Nd7 20.Nd4 Nf6 21.Bxe6+ Nxe6
22.Nxe6 Qxc4 23.Nd5 Nxd5 24.exd5 Bxd5 25.Nf4 Bb7 26.Bxb6 Rf8 27.Be3 Bg5 28.Rd4 Qc6
29.h4 Bxh4 30.Qxh4 Rxf4 31.Qg3 Rxd4 32.Bxd4 Qc1+ 33.Kh2 Qh6+ 34.Kg1 Qc1+
35.Kh2 Qh6+  1/2-1/2

[Event "Andorra Open"]
[Site "Andorra la Vella AND"]
[Date "2005.07.17"]
[Round "9"]
[White "Gurevich,M"]
[Black "Spraggett,K"]
[Result "1/2-1/2"]
[WhiteElo "2669"]
[BlackElo "2592"]

1.d4 Nf6 2.c4 e6 3.Nf3 b6 4.a3 Bb7 5.Nc3 d5 6.cxd5 exd5 7.Qa4+ c6 8.Bg5 Be7
9.e3 O-O 10.Bd3 Nbd7 11.O-O Re8 12.Qc2 g6 13.Rad1 Rc8 14.Rfe1 a6 15.Qe2 b5
16.b4 a5 17.Qb2 axb4 18.axb4 Nb6 19.Qb3 Qd6 20.Rb1 Nc4 21.Bf4 Qd8 22.h3 Ra8
23.Ra1 Qd7 24.Ne5 Qe6 25.Be2 h5 26.Bd3 Bf8 27.Bc2 Nxe5 28.Bxe5 Nd7 29.Bc7 Qe7
30.Rab1 Rac8 31.Bf4 Qf6 32.Ne2 Nb6 33.Nc1 Nc4 34.Qc3 Ra8 35.Nd3 Bc8  1/2-1/2

[Event "Politiken Cup"]
[Site "Copenhagen DEN"]
[Date "2005.07.19"]
[Round "5"]
[White "Hjelm,N"]
[Black "Penalver,O"]
[Result "1-0"]
[WhiteElo "2333"]
[BlackElo "2108"]

1.d4 Nf6 2.c4 e6 3.Nf3 b6 4.a3 Ba6 5.Qc2 d5 6.cxd5 exd5 7.Nc3 Be7 8.Bg5 O-O
9.g3 h6 10.Bxf6 Bxf6 11.Rd1 Qd6 12.Bg2 c5 13.O-O Rd8 14.Nxd5 Qxd5 15.Ne5 Qe6
16.Bxa8 cxd4 17.Nd3 Rc8 18.Qd2 Nd7 19.Bf3 Ne5 20.Nxe5 Qxe5 21.Rfe1 Rd8 22.Qf4 Qe7
23.Qe4 Qd6 24.Qc6 Qe7 25.h4 Bc8 26.Qe4 Qd6 27.Rc1 Be6 28.Rc6 Qd7 29.Rec1 d3
30.Qxd3 Qxd3 31.exd3 Bxb2 32.Rd1 Bxa3 33.d4 Bd5 34.Bxd5 Rxd5 35.Ra1 Bb2 36.Rxa7 Bxd4
37.Rc8+ Kh7 38.Rxf7 Kg6 39.Rf3 Rd6 40.Rb8 Bc5 41.Rb7 Bd4 42.Kg2 Re6 43.Rf4 Rd6
44.Kf3 Be5 45.Re4 Bd4 46.Rg4+ Kh5 47.Rxd4 Rxd4 48.Rxg7 Rb4 49.Kg2 Rb1 50.f4 b5
51.f5 b4 52.f6 b3 53.f7 b2 54.g4+ Kxh4 55.f8=Q Rg1+ 56.Kxg1 b1=Q+ 57.Qf1 Qb8
58.Qf2+ Kh3 59.Qe3+ Kh4 60.Qxh6+ Kg3 61.Qh2+  1-0

[Event "Open A"]
[Site "Pardubice CZE"]
[Date "2005.07.22"]
[Round "1"]
[White "Dobrev,N"]
[Black "Priborsky,I"]
[Result "1-0"]
[WhiteElo "2426"]
[BlackElo "2240"]

1.d4 Nf6 2.Nf3 e6 3.c4 b6 4.a3 Bb7 5.Nc3 d5 6.Bg5 Be7 7.Bxf6 Bxf6 8.cxd5 exd5
9.Qb3 O-O 10.Rd1 Re8 11.g3 c6 12.Bg2 Na6 13.O-O Nc7 14.Rfe1 g6 15.h4 Bg7
16.e4 dxe4 17.Ne5 Nd5 18.Bxe4 Qd6 19.Bxd5 cxd5 20.Nb5 Qb8 21.Qf3 Bxe5 22.dxe5 Rxe5
23.Qf6 Rxe1+ 24.Rxe1 Qf8 25.Re7 Bc8 26.Nc7 Be6 27.Nxe6  1-0

[Event "Open A"]
[Site "Pardubice CZE"]
[Date "2005.07.23"]
[Round "2"]
[White "Golovchenko,G"]
[Black "Ramesa,M"]
[Result "1-0"]
[WhiteElo "2307"]
[BlackElo "2213"]

1.d4 Nf6 2.c4 e6 3.Nf3 b6 4.a3 Bb7 5.Nc3 d5 6.cxd5 Nxd5 7.Qc2 Be7 8.e4 Nxc3
9.bxc3 O-O 10.Be2 c5 11.Be3 Nd7 12.O-O Qc7 13.Qd3 Qc6 14.Nd2 Rfd8 15.f3 Rac8
16.a4 Bf6 17.Qb5 cxd4 18.Qxc6 Rxc6 19.cxd4 Rc2 20.Rfd1 Nb8 21.Bb5 a6 22.Bf1 Rxd4
23.Rab1 Rd7 24.Rxb6 Bd8 25.Rbb1 Kf8 26.Nc4 Rxd1 27.Rxd1 Bc7 28.Ba7 Bc6 29.Bxb8 Bxb8
30.Rd8+ Ke7 31.Rxb8 Bxa4 32.Rb7+ Kf6 33.e5+ Kg5 34.Rxf7 Bb5 35.Ne3 Rc1 36.Kf2  1-0

[Event "Open A"]
[Site "Pardubice CZE"]
[Date "2005.07.23"]
[Round "2"]
[White "Korotkjevich,S"]
[Black "Shanava,K"]
[Result "0-1"]
[WhiteElo "2349"]
[BlackElo "2477"]

1.d4 Nf6 2.Nf3 e6 3.c4 b6 4.a3 Ba6 5.e3 Bb7 6.Nc3 d5 7.cxd5 exd5 8.Bd3 Bd6
9.Qc2 a6 10.O-O O-O 11.b4 Nbd7 12.Bb2 Qe7 13.Ne2 Ne4 14.Rac1 Rac8 15.Qb1 f5
16.Rc2 Rce8 17.Qa1 Rf7 18.b5 a5 19.Qc1 Qf8 20.g3 g5 21.Bxe4 fxe4 22.Nxg5 Rg7
23.f4 Nf6 24.Nh3 Bc8 25.f5 Kh8 26.Nef4 Bxf5 27.Rcf2 Qg8 28.Rg2 Bg4 29.Qe1 Bf3
30.Rc2 h5 31.Ne2 h4 32.Nhf4 Ng4 33.Bc1 Nxh2 34.Kxh2 hxg3+ 35.Kg1 Qh7  0-1

[Event "Open A"]
[Site "Pardubice CZE"]
[Date "2005.07.23"]
[Round "2"]
[White "Jankovic,A"]
[Black "Skjoldborg,J DEN"]
[Result "1/2-1/2"]
[WhiteElo "2475"]
[BlackElo "2291"]

1.d4 Nf6 2.Nf3 e6 3.c4 b6 4.a3 Ba6 5.Qc2 Bb7 6.Nc3 c5 7.dxc5 bxc5 8.Bf4 d6
9.Rd1 Qb6 10.e3 Be7 11.Be2 O-O 12.O-O Rd8 13.Rd2 Nbd7 14.Rfd1 Nf8 15.h3 Rd7
16.Bh2 Rad8 17.Qb1 a5 18.Bd3 Bc6 19.Bc2 Qb7 20.Ba4 Ne4 21.Rd3 Nxc3 22.Bxc6 Nxb1  1/2-1/2

[Event "ITT"]
[Site "Vicente Lopez ARG"]
[Date "2005.07.23"]
[Round "9"]
[White "De Dovitiis,A"]
[Black "Lopez Gonzalez,D"]
[Result "1/2-1/2"]
[WhiteElo "2345"]
[BlackElo "2225"]

1.d4 e6 2.Nf3 Nf6 3.c4 b6 4.a3 Bb7 5.Nc3 d5 6.cxd5 exd5 7.Bf4 c6 8.g3 Be7
9.Bg2 O-O 10.O-O Nbd7 11.Rc1 a6 12.Qc2 c5 13.Rfd1 c4 14.Ne5 b5 15.Nxd7 Qxd7
16.e4 Nxe4 17.Nxe4 dxe4 18.Bxe4 Bxe4 19.Qxe4 Rfe8 20.Qg2 Rad8 21.d5 Bc5 22.Rd2 h6
23.h4 Qg4 24.Bc7 Rd7 25.Ba5 Re2 26.Rxe2 Qxe2 27.Re1 Qd3 28.Bc3 Qxd5 29.Re8+ Kh7
30.Qxd5 Rxd5 31.Ra8 Rd3 32.Kg2 Bxa3 33.Rxa6 b4 34.Be5 Bxb2 35.Bxb2 c3 36.Bc1 Rd1
37.Rb6 Rxc1 38.Rxb4 Kg6 39.Kf3 Kf5 40.Rf4+ Ke6 41.Ke2 g5 42.hxg5 hxg5 43.Rf3 f5
44.Kd3 f4 45.gxf4 g4 46.Rg3 Kf5 47.f3 Kxf4 48.Rxg4+ Kxf3 49.Rc4 Rd1+ 50.Kxc3 Rc1+
51.Kd3 Rxc4 52.Kxc4  1/2-1/2

[Event "Open A"]
[Site "Pardubice CZE"]
[Date "2005.07.24"]
[Round "3"]
[White "Skalski,M"]
[Black "Arutinian,D"]
[Result "0-1"]
[WhiteElo "2334"]
[BlackElo "2446"]

1.d4 Nf6 2.c4 e6 3.Nf3 b6 4.a3 Ba6 5.Qc2 Bb7 6.Nc3 c5 7.e4 cxd4 8.Nxd4 Bc5
9.Nb3 Nc6 10.Bg5 h6 11.Bh4 Nd4 12.Nxd4 Bxd4 13.Bd3 Qb8 14.O-O Be5 15.Bg3 g5
16.Bxe5 Qxe5 17.Rfe1 h5 18.Nd5 Ng4 19.g3 h4 20.h3 hxg3 21.hxg4 Rh2 22.Re2 Bxd5
23.exd5 gxf2+ 24.Rxf2 Qg3+ 25.Rg2 Rxg2+ 26.Qxg2 Qxd3 27.dxe6 Qe3+ 28.Kf1 Qf4+
29.Kg1 Qd4+ 30.Kh1 O-O-O 31.exd7+ Kc7 32.Qg3+ Kxd7 33.Rf1 Rh8+ 34.Kg2 Rh4
35.Kf3 Qd3+ 36.Kf2 Qd2+ 37.Kf3 f5  0-1

[Event "Open A"]
[Site "Pardubice CZE"]
[Date "2005.07.24"]
[Round "3"]
[White "Hanko,P"]
[Black "Lerch,P"]
[Result "1-0"]
[WhiteElo "2214"]
[BlackElo "2291"]

1.d4 Nf6 2.Nf3 e6 3.c4 b6 4.a3 Bb7 5.Nc3 d5 6.Bg5 Be7 7.e3 O-O 8.Bxf6 Bxf6
9.cxd5 exd5 10.b4 c5 11.bxc5 bxc5 12.Rb1 Bc6 13.Bb5 a6 14.Bxc6 Nxc6 15.O-O cxd4
16.exd4 Rc8 17.Qd3 Qa5 18.Rb3 Rfe8 19.Rfb1 g6 20.h4 h5 21.Ne2 Rb8 22.Rxb8 Rxb8
23.Rc1 Qa4 24.Qe3 Kg7 25.Qf4 Rb3 26.g4 hxg4 27.Qxg4 Ne7 28.h5 Qxa3 29.Ne5 Bxe5
30.dxe5 Rb6 31.Rc3 Qb2 32.h6+ Kh7 33.Rf3 Nf5 34.Ng3 Qc1+ 35.Kg2 Nxh6 36.Qd4 Rb5
37.e6 f5 38.Qa7+ Kh8 39.e7 Qc8 40.Re3 Qe8 41.Qxa6 Rb8 42.Nh5 Ng4 43.Qa1+  1-0

[Event "Open A"]
[Site "Pardubice CZE"]
[Date "2005.07.25"]
[Round "4"]
[White "Korotkjevich,S"]
[Black "Voloshin,L"]
[Result "0-1"]
[WhiteElo "2349"]
[BlackElo "2477"]

1.d4 Nf6 2.c4 e6 3.Nf3 b6 4.a3 Bb7 5.Nc3 d5 6.cxd5 Nxd5 7.Qc2 Nxc3 8.bxc3 c5
9.e4 Be7 10.Bb5+ Bc6 11.Bd3 O-O 12.O-O Bb7 13.Rd1 Qc7 14.Qe2 Nd7 15.h4 e5
16.d5 Bd6 17.c4 Rae8 18.Bb2 Bc8 19.Bc3 Nf6 20.Nh2 Qe7 21.Nf1 Ng4 22.f3 Nh6
23.g3 f5 24.exf5 Nxf5 25.Bxf5 Bxf5 26.Ne3 Bd7 27.Rf1 g5 28.Ng2 gxh4 29.Nxh4 Qg5
30.Kh1 e4 31.f4 Bxf4 32.gxf4 Qxh4+ 33.Qh2 Qxh2+ 34.Kxh2 Bg4 35.Be5 e3 36.Rg1 h5
37.Rae1 e2 38.Rxg4+ hxg4 39.Kg3 Kf7 40.Kxg4 Ke7 41.Rxe2 Kd7 42.Rh2 Rf7 43.Rh6 Rg8+
44.Kf3 Rg1 45.Rc6 Kd8 46.d6 Rf1+ 47.Ke3 Re1+ 48.Kd3 Rf1 49.Ke4 Kd7 50.Rc7+ Ke6
51.Rxf7 Re1+ 52.Kd3 Kxf7 53.Kd2 Re4 54.Kd3 Re1 55.Kd2 Rf1 56.a4 Ke6 57.Kc2 Rf3
58.Kb2 Rd3 59.Ka2 Rf3 60.Kb2 Rd3 61.Ka2 a6 62.Kb2 a5 63.Kc2 Ra3 64.Kb2 Rxa4
65.f5+ Kd7 66.f6 Ke6  0-1

[Event "Open A"]
[Site "Pardubice CZE"]
[Date "2005.07.26"]
[Round "5"]
[White "Mihailovs,J"]
[Black "Vavrak,P"]
[Result "1-0"]
[WhiteElo "2298"]
[BlackElo "2412"]

1.d4 e6 2.c4 Nf6 3.Nf3 b6 4.a3 Bb7 5.Nc3 d5 6.Bg5 Be7 7.e3 O-O 8.Qc2 Nbd7
9.cxd5 exd5 10.Bd3 c5 11.h4 Rc8 12.O-O-O b5 13.Bxb5 Ne4 14.Bxe7 Qxe7 15.Bxd7 Qxd7
16.dxc5 Nxc5 17.Kb1 Qe7 18.Nxd5 Bxd5 19.Rxd5 Ne4 20.Re5 Qxe5 21.Nxe5 Rxc2
22.Kxc2 Nxf2 23.Rf1 Ne4 24.Kd3 f5 25.Nc6 g6 26.Rc1 Rf7 27.Nd4 Kg7 28.h5 gxh5
29.Nxf5+ Rxf5 30.Kxe4 Rf2 31.g3 Rxb2 32.Rc7+ Kg6 33.Rxa7 h4 34.gxh4 Rh2 35.Kd5 Rxh4
36.e4 h5 37.e5 Rh1 38.Kd6 h4 39.Ke6 h3 40.Ra8 Kg7 41.Ra4 h2 42.Rh4 Kf8 43.a4 Kg7
44.Ke7 Re1 45.Rxh2 Rxe5+ 46.Kd6 Ra5 47.Rh4 Kf6 48.Rf4+ Kg5 49.Rc4 Kf6 50.Kc6 Ke6
51.Kb6 Ra8 52.a5 Rb8+ 53.Kc7 Rh8 54.a6 Kd5 55.Rc1 Rh2 56.a7 Ra2 57.Kb8 Rb2+
58.Kc8 Ra2 59.Rc7 Kd6 60.Kb8  1-0

[Event "Open A"]
[Site "Pardubice CZE"]
[Date "2005.07.27"]
[Round "6"]
[White "Prokuronov,E"]
[Black "Biriukov,O"]
[Result "1/2-1/2"]
[WhiteElo "2232"]
[BlackElo "2377"]

1.d4 Nf6 2.c4 e6 3.Nf3 b6 4.a3 Bb7 5.Nc3 d5 6.cxd5 Nxd5 7.Qc2 Nxc3 8.Qxc3 h6
9.e3 Bd6 10.Bb5+ c6 11.Bd3 Nd7 12.e4 O-O 13.Bc2 c5 14.e5 Bc7 15.Qd3 f5 16.exf6 Nxf6
17.Qg6 Qe8 18.Qxe8 Raxe8 19.dxc5 Bxf3 20.gxf3 bxc5 21.Be3 Bd6 22.O-O-O Nd5
23.Be4 Bf4 24.Bxd5 exd5 25.Rxd5 Bxe3+ 26.fxe3 Rxe3 27.Rxc5 Rexf3 28.Rd1 Rh3
29.Rd2 Rf1+ 30.Kc2 Rh1 31.Ra5 R3xh2 32.Rxa7 h5 33.Rd7 h4 34.b4 Rxd2+ 35.Rxd2 h3
36.b5 h2 37.Kd3 Rb1 38.Rxh2 Rxb5 39.Kc4  1/2-1/2

[Event "Open A"]
[Site "Pardubice CZE"]
[Date "2005.07.28"]
[Round "7"]
[White "Gavrilov,Al1"]
[Black "Werle,J"]
[Result "1/2-1/2"]
[WhiteElo "2464"]
[BlackElo "2514"]

1.d4 Nf6 2.c4 e6 3.Nf3 b6 4.a3 Ba6 5.Qc2 c5 6.d5 exd5 7.cxd5 g6 8.Nc3 Bg7
9.g3 d6 10.Bg2 O-O 11.O-O Re8 12.Re1 b5 13.Bf4 Nh5 14.Bg5 Qb6 15.Qd2 Nd7
16.Bh6 Bh8 17.b4 Nhf6 18.Bh3 Bc8 19.Rab1 a6 20.Be3 Ne5 21.Nxe5 Bxh3 22.Nd3 Qb7
23.Nf4 Bf5 24.Rbc1 Ng4 25.Nd1 cxb4 26.axb4 Ne5 27.Nb2 Rac8 28.Bd4 h6 29.h4 Rxc1
30.Rxc1 Rc8 31.Rxc8+ Qxc8 32.f3 g5 33.hxg5 hxg5 34.Ng2 Bg6 35.f4 gxf4 36.gxf4 Nc4
37.Nxc4 Bxd4+ 38.Qxd4 Qxc4 39.Qxc4 bxc4 40.Kf2 Be4 41.Ne3 c3 42.Ke1 Kf8 43.Kd1 Ke7
44.Kc1 Kf6 45.Nd1 Kf5 46.e3 Bxd5 47.Nxc3 Bc4 48.Kd2 d5 49.Na4 d4 50.Nc5  1/2-1/2

[Event "Open Dutch Championship"]
[Site "Dieren NED"]
[Date "2005.07.29"]
[Round "4"]
[White "Bosboom,M"]
[Black "Iordachescu,V"]
[Result "1/2-1/2"]
[WhiteElo "2419"]
[BlackElo "2606"]

1.d4 Nf6 2.c4 e6 3.Nf3 b6 4.a3 Ba6 5.Qc2 c5 6.d5 exd5 7.cxd5 g6 8.h4 d6 9.Nc3 h6
10.Bf4 Bg7 11.e4 Bxf1 12.Kxf1 O-O 13.h5 Nxh5 14.Rxh5 gxh5 15.g3 f5 16.Re1 fxe4
17.Nxe4 Nd7 18.Nxd6 Qf6 19.Re6 Qxb2 20.Qg6 Rf6 21.Qxh5 Raf8 22.Re7 Qb1+ 23.Ne1 Rxd6
24.Bxd6 Nf6 25.Qe5 Qg6 26.Qe6+ Kh7 27.Nf3 Re8 28.Nh4 Rxe7 29.Bxe7 Qd3+ 30.Kg1 Qd1+
31.Kh2 Qxd5 32.Qh3 Ne4 33.Qg4 Nxf2 34.Qg6+ Kh8 35.Qe8+ Qg8 36.Qg6 Qa8 37.Kg1 Nh3+
38.Kh2 Nf2 39.Kg1 Nh3+ 40.Kh2 Nf2  1/2-1/2

[Event "Open Dutch Championship"]
[Site "Dieren NED"]
[Date "2005.07.30"]
[Round "5"]
[White "Halay,T"]
[Black "Megaranto,S"]
[Result "1/2-1/2"]
[WhiteElo "2320"]
[BlackElo "2499"]

1.d4 Nf6 2.c4 e6 3.Nf3 b6 4.a3 Bb7 5.Nc3 d5 6.cxd5 exd5 7.g3 c6 8.Bf4 Bd6
9.Qd2 O-O 10.Bg2 Re8  1/2-1/2

[Event "10th Open"]
[Site "Creon FRA"]
[Date "2005.08.01"]
[Round "1"]
[White "Zimmerman,Y"]
[Black "Pantioukhine,S"]
[Result "1-0"]
[WhiteElo "2375"]
[BlackElo "1989"]

1.d4 Nf6 2.c4 e6 3.Nf3 b6 4.a3 Bb7 5.Nc3 d5 6.cxd5 Nxd5 7.Qc2 c5 8.e4 Nxc3
9.bxc3 Qc7 10.Bb5+ Bc6 11.Bd3 Nd7 12.O-O h6 13.d5 exd5 14.exd5 Bxd5 15.Be4 Bc6
16.Bxc6 Qxc6 17.Re1+ Kd8 18.Bf4 g5 19.Ne5 Nxe5 20.Bxe5 Rg8 21.Rad1+ Kc8 22.Qf5+ Kb7
23.Qxf7+  1-0

[Event "15th ETC Women"]
[Site "Gothenburg SWE"]
[Date "2005.08.04"]
[Round "6"]
[White "Zhukova,N"]
[Black "Peptan,C"]
[Result "1/2-1/2"]
[WhiteElo "2478"]
[BlackElo "2411"]

1.d4 Nf6 2.c4 e6 3.Nf3 b6 4.a3 Bb7 5.Nc3 d5 6.cxd5 Nxd5 7.e3 Nd7 8.Bd3 Be7
9.O-O O-O 10.Qc2 h6 11.e4 Nxc3 12.bxc3 c5 13.Bf4 Re8 14.Rfe1 Bf8 15.Qd2 Qe7
16.d5 exd5 17.exd5 Qf6 18.Bb5 Bd6 19.Bxd6 Qxd6 20.c4 a6 21.Ba4 Rxe1+ 22.Rxe1 Nf6
23.Bc2 b5 24.Rb1 Rb8 25.cxb5 axb5 26.Rxb5 Bxd5 27.Rxb8+ Qxb8 28.h3 Qa8 29.Qc3 Be4
30.Bxe4 Nxe4 31.Qc4 Qb7 32.Ne5 Nd2 33.Qxc5 Qb1+ 34.Kh2 Nf1+ 35.Kg1 Ng3+ 36.Kh2 Nf1+
37.Kg1 Ne3+  1/2-1/2

[Event "Ave-Kontakt Cup IMB"]
[Site "Olomouc CZE"]
[Date "2005.08.04"]
[Round "2"]
[White "Vovk,Y"]
[Black "Kraemer,Mar"]
[Result "0-1"]
[WhiteElo "2435"]
[BlackElo "2377"]

1.d4 Nf6 2.c4 e6 3.Nf3 b6 4.a3 Bb7 5.Nc3 d5 6.cxd5 Nxd5 7.Bd2 Nd7 8.Qc2 Be7
9.e4 Nxc3 10.Bxc3 O-O 11.O-O-O Rc8 12.d5 exd5 13.exd5 Bf6 14.Bc4 Bxc3 15.Qxc3 Qf6
16.Rhe1 Qxc3+ 17.bxc3 Nf6 18.Ne5 Rcd8 19.Nc6 Bxc6 20.dxc6 Rxd1+ 21.Rxd1 Re8
22.f3 g5 23.Kc2 Kf8 24.Kb3 h6 25.Rd4 Re5 26.a4 Ke7 27.Rd2 Rc5 28.Re2+ Kf8
29.Bb5 Ne8 30.c4 Nd6 31.Kc3 f6 32.g3 a5 33.Kd3 Re5 34.Rc2 Kf7 35.f4 gxf4
36.gxf4 Rh5 37.Kd4 Nf5+ 38.Ke4 Nd6+ 39.Kd4 Rc5 40.Rc3 Nf5+ 41.Ke4 Nd6+ 42.Kd4 Nf5+
43.Ke4 Kg6 44.Rd3 Nd6+ 45.Kf3 Kf5 46.Rd5+ Ke6 47.f5+ Ke7 48.Rxc5 bxc5 49.Kf4 h5
50.Ba6 Kd8 51.Bb5 Kc8 52.Ba6+ Kb8 53.h3 Ka7 54.Bb7 Kb6 55.Ba8 Nxc4 56.Bb7 Nd6  0-1

[Event "ch-IRI Semi-Final"]
[Site "Tehran IRI"]
[Date "2005.08.04"]
[Round "2"]
[White "Mohandesi,S"]
[Black "Asadi,S"]
[Result "1-0"]
[WhiteElo "2325"]
[BlackElo "2190"]

1.Nf3 Nf6 2.d4 e6 3.c4 b6 4.a3 Bb7 5.Nc3 Ne4 6.Nxe4 Bxe4 7.Bf4 Be7 8.e3 O-O
9.Bd3 Bxd3 10.Qxd3 d6 11.Qe4 c6 12.O-O d5 13.cxd5 cxd5 14.Qc2 Bd6 15.Bxd6 Qxd6
16.Rac1 Rd8 17.Qa4 Qd7 18.Qxd7 Nxd7 19.Rc2 f6 20.Rfc1 Kf8 21.Kf1 Ke7 22.Ke2 Rdb8
23.Kd2 b5 24.Ne1 Kd8 25.Nd3 Rb6 26.h4 a5 27.g3 b4 28.a4 b3 29.Rc6 Rab8 30.Nf4 Nf8
31.R6c5 Ra8 32.Rc6 Rxc6 33.Rxc6 Rc8 34.Rxc8+ Kxc8 35.Kc3 g5 36.Nd3 h5 37.Kxb3 Ng6
38.Kc3 e5 39.hxg5 fxg5 40.dxe5 Kd7 41.f4 h4 42.gxh4 gxh4 43.Kd4 Ke6 44.e4 dxe4
45.Kxe4 Ne7 46.f5+ Kf7 47.Nf4 Nc6 48.f6 Nd8 49.Kf5 Nc6 50.e6+ Kg8 51.Ng6 Nd4+
52.Ke5  1-0

[Event "Proclient Cup GMB"]
[Site "Olomouc CZE"]
[Date "2005.08.07"]
[Round "6"]
[White "Gavrilov,Al1"]
[Black "Bakre,T"]
[Result "1-0"]
[WhiteElo "2464"]
[BlackElo "2467"]

1.d4 Nf6 2.c4 e6 3.Nf3 b6 4.a3 Bb7 5.Nc3 d5 6.cxd5 Nxd5 7.Bd2 Nd7 8.Nxd5 Bxd5
9.Qc2 Be7 10.e4 Bb7 11.Bc3 O-O 12.Rd1 Qc8 13.Be2 Rd8 14.O-O Nf6 15.Bd3 Ba6
16.Rfe1 c6 17.Qe2 Bxd3 18.Rxd3 Qb7 19.Red1 Ne8 20.Ne5 f6 21.Ng4 Bf8 22.Ne3 Nd6
23.Qf3 Nf7 24.h4 Qa6 25.Qh3 Re8 26.R3d2 Rad8 27.Qf3 Qb7 28.g4 c5 29.d5 exd5
30.Rxd5 Rd6 31.e5 Rxd5 32.Qxd5 Qxd5 33.Rxd5 fxe5 34.Kg2 a6 35.Rd7 b5 36.Ra7 b4
37.axb4 cxb4 38.Be1 e4 39.Rxa6 Ne5 40.Ra4 Nf3 41.Kf1 Rc8  1-0

[Event "Inline Czechia Cup IMA"]
[Site "Olomouc CZE"]
[Date "2005.08.07"]
[Round "7"]
[White "Mankeyev,Raua"]
[Black "Malinovsky,K"]
[Result "1/2-1/2"]
[WhiteElo "2344"]
[BlackElo "2309"]

1.d4 Nf6 2.c4 e6 3.Nf3 b6 4.a3 Bb7 5.Nc3 d5 6.cxd5 Nxd5 7.e3 g6 8.Bb5+ c6
9.Bd3 Bg7 10.Na4 O-O 11.e4 Nf6 12.O-O Nbd7 13.Bg5 Qc7 14.e5 Nd5 15.Rc1 c5
16.b4 Bc6 17.bxc5 Bxa4 18.Qxa4 bxc5 19.dxc5 Nxc5 20.Qh4 Qb6 21.Bc4 Nd7 22.Bh6 Rfc8
23.Bxg7 Kxg7 24.Rce1 Qd8 25.Qxd8 Rxd8 26.Bxd5 exd5 27.e6 fxe6 28.Rxe6 Re8
29.Rc6 Rac8 30.Rfc1 Nb6 31.Rc7+ Kg8 32.h4 a5 33.R1c6 Rxc7 34.Rxc7 Nc4 35.a4 Re4
36.Rc5 Nb6 37.Rxa5 Rxa4 38.Rb5 Ra6 39.Rc5 Ra7 40.Rc6 Nc4 41.Rc8+ Kg7 42.Rd8 Ra1+
43.Kh2 Ra2 44.Kg3 Nd2 45.Rxd5 Ne4+ 46.Kf4 Nxf2 47.Rd7+ Kg8 48.Rd4 Ra3 49.g4 Nh3+
50.Ke4 Nf2+ 51.Kf4  1/2-1/2

[Event "HZ Open"]
[Site "Vlissingen NED"]
[Date "2005.08.09"]
[Round "4"]
[White "Stange,W"]
[Black "Rodshtein,M"]
[Result "0-1"]
[WhiteElo "2150"]
[BlackElo "2459"]

1.d4 e6 2.c4 Nf6 3.Nf3 b6 4.a3 Bb7 5.Nc3 d5 6.cxd5 Nxd5 7.Bd2 Nd7 8.Qc2 Nxc3
9.Bxc3 Nf6 10.b4 Be7 11.e3 O-O 12.Bd3 Qd5 13.Bb2 Rac8 14.Rd1 Qh5 15.Ke2 c5
16.bxc5 bxc5 17.Qa4 Bc6 18.Qxa7 c4 19.Qxe7 cxd3+ 20.Rxd3 Bxf3+ 21.gxf3 Rc2+
22.Rd2 Qb5+ 23.Ke1 Rxd2 24.Kxd2 Qxb2+ 25.Kd3 Rc8  0-1

[Event "HZ Open"]
[Site "Vlissingen NED"]
[Date "2005.08.10"]
[Round "5"]
[White "Purnama,T"]
[Black "L'Ami,E"]
[Result "1/2-1/2"]
[WhiteElo "2337"]
[BlackElo "2519"]

1.d4 Nf6 2.c4 e6 3.Nf3 b6 4.a3 Bb7 5.Nc3 d5 6.Bg5 Be7 7.Bxf6 Bxf6 8.cxd5 exd5
9.Qb3 O-O 10.e3 c5 11.dxc5 d4 12.Nxd4 Bxd4 13.O-O-O Nc6 14.exd4 Nxd4 15.Qb4 Qg5+
16.Kb1 Nc6 17.h4 Qf5+ 18.Qe4 Qxf2 19.Bd3 f5 20.Qd5+ Kh8 21.Rhf1 Qxh4 22.Rxf5 Rxf5
23.Qxf5 Nd4 24.Qe5 Bxg2 25.Be4 Bxe4+ 26.Nxe4 bxc5 27.Qd5 Rb8 28.Nxc5 Rd8
29.Qe5 Nc6 30.Rxd8+ Qxd8 31.Qe6 Nd4 32.Qf7 Qb8 33.Qd7 Nf3 34.Ne6 Qg8 35.Qxa7 Nd2+
36.Kc2 Nc4 37.Qe7 Ne3+ 38.Kd2 Nf5 39.Qd7 Qb8 40.b4 Qh2+ 41.Kc3 Qh3+ 42.Kc4 Qg4+
43.Kc5 h5 44.b5 Qg1+ 45.Kc6 Qg2+ 46.Kc7 Qg3+ 47.Kb7 Qf3+ 48.Qc6 Nd6+ 49.Kc7 Nxb5+
50.Qxb5 Qxa3 51.Qxh5+ Kg8 52.Qe8+ Kh7 53.Nf8+ Kg8 54.Nd7+ Kh7 55.Qh5+ Kg8
56.Qd5+ Kh7 57.Kd8 Qe3 58.Qh5+ Kg8 59.Qg6 Qd4 60.Qe6+ Kh7 61.Ke8 Qa4 62.Ke7 Qh4+
63.Ke8 Qa4 64.Qf5+ Kg8 65.Qd5+ Kh7 66.Ke7 Qh4+ 67.Ke6 Qg4+ 68.Kf7 Qf4+ 69.Ke7 Qh4+
70.Ke8 Qa4 71.Ke7 Qh4+  1/2-1/2

[Event "92nd ch-GBR"]
[Site "Douglas IOM"]
[Date "2005.08.11"]
[Round "10"]
[White "Stone,A"]
[Black "Therrien,A"]
[Result "0-1"]
[WhiteElo "2265"]
[BlackElo "2294"]

1.d4 Nf6 2.c4 e6 3.Nf3 b6 4.a3 Ba6 5.Qc2 Bb7 6.Nbd2 c5 7.e4 cxd4 8.e5 Ng8
9.Bd3 Bxf3 10.Nxf3 Ne7 11.O-O Ng6 12.Re1 Nc6 13.b4 Qc7 14.Bxg6 hxg6 15.Qe4 Rc8
16.Bf4 a5 17.b5 Nd8 18.Nxd4 Be7 19.Rec1 Nb7 20.Nf3 Nc5 21.Qe3 Qb7 22.Nd2 Rh5
23.Re1 f6 24.exf6 gxf6 25.Rad1 Kf7 26.Nf3 g5 27.Bg3 Rch8 28.Nd4 Bf8 29.Nb3 f5
30.Be5 f4 31.Nxc5 Rxh2 32.Rxd7+ Qxd7 33.Bxh8 Bxc5 34.Qc3 Rh7 35.Bf6 g4 36.Bg5 g3
37.Qf6+ Kg8 38.Rf1 gxf2+ 39.Rxf2 Qd1+  0-1

[Event "FSIMA August"]
[Site "Budapest HUN"]
[Date "2005.08.13"]
[Round "8"]
[White "Brustkern,J"]
[Black "Petran,Pa"]
[Result "0-1"]
[WhiteElo "2250"]
[BlackElo "2416"]

1.d4 Nf6 2.c4 e6 3.Nf3 b6 4.a3 Ba6 5.Qc2 Bb7 6.Nc3 c5 7.e4 cxd4 8.Nxd4 Bc5
9.Nb3 Nc6 10.Bg5 h6 11.Bh4 Nd4 12.Nxd4 Bxd4 13.Bd3 Qb8 14.Bg3 Be5 15.O-O-O O-O
16.Kb1 Rc8 17.Qe2 a6 18.Na4 Bxg3 19.hxg3 Bc6 20.Nc3 e5 21.f3 b5 22.cxb5 axb5
23.Na2 d5 24.exd5 Bxd5 25.Nb4 Bc4 26.Rc1 e4 27.Bxc4 bxc4 28.Rxc4 Rxc4 29.Qxc4 Qxg3
30.Qe2 Re8 31.fxe4 Nxe4 32.Ka1 Re6 33.Rf1 Qc7 34.Nd5 Qb7 35.Qd3 Nc5 36.Qc4 Nb3+
37.Ka2 Nd2  0-1

[Event "HZ Open"]
[Site "Vlissingen NED"]
[Date "2005.08.13"]
[Round "8"]
[White "Nep,R"]
[Black "Wegerle,J"]
[Result "0-1"]
[WhiteElo "2307"]
[BlackElo "2421"]

1.d4 Nf6 2.Nf3 e6 3.c4 b6 4.a3 Bb7 5.Nc3 d5 6.cxd5 exd5 7.g3 Be7 8.Bg2 O-O
9.O-O Na6 10.b4 c6 11.Bb2 Nc7 12.Qc2 a5 13.bxa5 Rxa5 14.Rfd1 Qa8 15.a4 Rd8
16.Ne5 Ne6 17.e3 Nd7 18.f4 Nxe5 19.fxe5 Ba6 20.h4 Bc4 21.Kh2 b5 22.axb5 cxb5
23.Rxa5 Qxa5 24.Ra1 Qb6 25.Ne2 Qb7 26.Nf4 Nxf4 27.exf4 Ra8 28.Qb1 Ra4 29.f5 Qa8
30.Rxa4 bxa4 31.f6 gxf6 32.Qf5 Qc6 33.Qg4+ Kf8 34.exf6 Qxf6 35.Bc1 Qg6 36.Qf3 h5
37.Ba3 Bb3 38.Bxe7+ Kxe7 39.Qe3+ Kd7 40.Qc3 Qc6 41.Qb4 Kc7 42.Bf1 Bc4 43.Bh3 Bb5
44.Bf5 Ba6 45.g4 Qd6+ 46.Qxd6+ Kxd6  0-1